01426nam a2200253 a 450000100100000000500170001000800410002702000180006809000180008610000320010424500480013626000430018430000110022749000420023852004580028065000290073865000260076765000310079365000220082465000290084699900150087595201380089095201440102800005693920200120223401.0990304s2012 ck gr 000 0 spa d a9789585710399 aANbGARh 20120 aGarcía Márquez, Gabriel13aLa hojarasca /cGabriel García Márquez. aSantafé de Bogotá :bNorma,c2012. a118 p. aGabriel García Márquez Para Todos3 a"En La Hojarasca nació Macondo, ese población cercano a la costa atlántica colombiana que ya se ha convertido en uno de los grandes mitos de la literatura universal. En él transcurre la historia de un entierro imposible. Ha muerto un personaje extraño, un antiguo médico odiado por el pueblo, y un viejo coronel retirado, para cumplir una promesa, se ha empeñado en enterrarle frente a la oposición de todo el poblado y sus autoridades."14aNovela adulto colombiana14aLiteratura colombiana24aViolencia en la literatura24aRealismo Mágico24aHuelgas en la literatura c6236d6236 00102ddc40708LAaBPMOSbBPMOSd2020-01-20i114944l0oANGARh 2012pMOS008561pMSr2020-01-20tej.1w2020-01-20yBKzQuince días 00102ddc40708LAaBPMOSbBPMOSd2020-01-20i118144l0oANGARh 2012pMOS008562130624pMSr2020-01-20tej.2w2020-01-20yBKzQuince días